000 00718nam a2200253Ia 4500
003 OSt
005 20221005042556.0
006 a|||||r|||| 00| 0
007 ta
008 221004b |||||||| |||| 00| 0 eng d
024 _a28544
037 _cTextual
040 _aCRL
_cCRL
_beng
041 _2eng
_aeng
082 _aF55sa, M0
100 _aBalaghandran Sarojini
_9590615
245 0 _aEnergy statistics
_b A guide to information sources
260 _aDetroit
_bGale Research Company
_c1980
300 _a272p
_ccm.
490 _a(Natural world information guide series ,1)
650 _aTECHNOLOGY
942 _hF55sa, M0
_cTEXL
_2cc
999 _c950473
_d950473